Responses for Show #2084 - Thursday, September 30, 1993

Contestants

[<< previous game]

Pam McCully, a consultant from Los Angeles, California

Keith Ulrich, a pilot and computer programmer originally from Boston, Massachusetts

Addison Goodson, a jobs training coordinator from Venice, California (whose 1-day cash winnings total $700)

[next game >>]

Jeopardy! Round responses

BOTANY
TV SISTERS
COLLEGES & UNIVERSITIES
WORLD HISTORY
CONTESTS
"C" HERE
    $100 26
cactus

Addison
    $100 6
Joanie

Keith
    $100 8
Oklahoma

Addison
    $100 1
Constantinople

Addison
    $100 21
Frisbee

Pam
    $100 14
Casper

Addison
    $200 27
(Addison: What is wheat?)

corn

AddisonPam
    $200 7
Marcia & Cindy

Keith
    $200 9
Yale

Addison
    $200 2
Suez Canal

Addison
    $200 22
Montpelier

Keith
    $200 17
costume

Keith
    $300 28
Jamestown

Pam
    $300 11
Brenda

Triple Stumper
    $300 10
(George) Marshall

Pam
    $500 3
(Addison: ...What is Iceland?)

Russia

Addison
    $300 23
hot dogs

Addison
    $300 18
custard (cake)

Addison
    $400 29
mistletoe

Pam
    $400 12
Roseanne

Pam
    $400 15
(Keith: What is uh, Louisiana?)
(Pam: What is Emory?)

Louisiana State University

KeithPam
Triple Stumper
    $400 4
Pizarro

Pam
    $400 24
(Pam: What is pillow fighting?)
[Laughter.]
...
[More laughter.]

chicken plucking

KeithPam
    $400 19
cottonmouth

Addison
    $500 30
(Pam: What is rice?)
...
(Alex: Now's the time for it, Addison. What is [*]?)

wheat

Pam
Triple Stumper
    $500 13
(1 of) Swoosie Kurtz (Julianne Phillips, Sela Ward or Patricia Kalember)

Pam
    $500 16
[ERRATUM: The Florida city is DeLand.]

Stetson

Pam
    $500 5
(Vidkun) Quisling

Pam
    $500 25
Soap Box Derby

Keith
    $500 20
(Pam: What is polo?)

carousel

AddisonPam

Scores at the first commercial break (after clue 15):

Addison Keith Pam
$200 -$100 $1,700

Scores at the end of the Jeopardy! Round:

Addison Keith Pam
$1,600 $1,200 $1,800

Double Jeopardy! Round responses

NOTABLE NAMES
ISLANDS
DEMOCRATS
MYTHOLOGY
WALL STREET
VICTOR HUGO
    $200 11
Lindbergh

Keith
    $200 1
Philippines

Pam
    $200 6
Geraldine Ferraro

Addison
    $200 21
Odin

Pam
    $200 16
Lynch

Pam
    $200 30
The Hunchback of Notre Dame

Addison
    $400 12
Schwarzkopf

Pam
    $400 2
Shetland Islands

Pam
    $400 7
President Clinton

Pam
    $400 22
satyrs

Keith
    $400 17
World Trade Center bombing

Addison
    $400 29
Napoleon

Addison
    $600 13
Garrison Keillor

Pam
    $1,000 3
Malta

Pam
    $600 8
Scoop

Keith
    $600 23
Eros

Pam
    $600 18
Barbarians at the Gate

Keith
    $600 26
Verdi

Addison
    $800 14
(Addison: What is Theodopoulos?)
(Alex: [noises]...No.)
(Addison: What is [*]?)
(Alex: Sorry, you don't get another shot. It's nice that you were willing to help Keith and Pam.)

Theodore

Addison
Triple Stumper
    $800 4
(Keith: What is Queensland?)

Tasmania

Keith
Triple Stumper
    $800 9
Paul Simon

Keith
    $800 24
(Addison: What is [sounded like] SUH-phal-us?)

caduceus

Addison
Triple Stumper
    $800 19
(Charles) Schwab

Addison
    $800 27
(Pam: What is the Eiffel Tower?)
(Alex: Correct.)
[Huge reaction from judge's table.]
(Alex: Oh, I'm sorry. It's wrong.)

Arc de Triomphe

KeithPam
    $1000 15
Barbara Tuchman

Keith
    $1000 5
Grenada

Pam
    $1,800 10
Pat Schroeder

Keith
    $1000 25
Hector

Addison
    $1000 20
Solomon

Pam
    $1000 28
l'Académie française

Triple Stumper

Scores at the end of the Double Jeopardy! Round:

Addison Keith Pam
$3,600 $6,600 $7,000

[wagering suggestions for these scores]

Final Jeopardy! Round responses

U.S. CITIES
AddisonWhat is Seattle?
$3,401
KeithWhat is Juneau
$6,599
PamWhat is Seattle
$6,201
Seattle

Final scores:

Addison Keith Pam
$7,001 $1 $13,201
2nd place: trip on Delta to Orlando & stay at Walt Disney World Dolphin + computerized version or home game of Jeopardy! 3rd place: Ventura luggage + computerized version or home game of Jeopardy! New champion: $13,201

Game dynamics:

Coryat scores:

Addison Keith Pam
$4,100 $5,800 $6,600
17 R,
4 W
(including 1 DD)
14 R
(including 1 DD),
2 W
21 R
(including 1 DD),
5 W

Combined Coryat: $16,500

[game clues] [game scores] [suggest correction]

Game tape date: 1993-07-27
The J! Archive is created by fans, for fans. Scraping, republication, monetization, and malicious use prohibited; this site may use cookies and collect identifying information. See terms. The Jeopardy! game show and all elements thereof, including but not limited to copyright and trademark thereto, are the property of Jeopardy Productions, Inc. and are protected under law. This website is not affiliated with, sponsored by, or operated by Jeopardy Productions, Inc. Join the discussion at JBoard.tv.